000 00884nam a2200229Ii 4500
003 JO-AjNU
008 230605s9999||||xx |||||||||||||| ||und||
017 _a2021/2/1239
020 _a978-9923-25-352-6
040 _aJO-AjNU
_bara
_erda
_cJO-AjNU
041 _aara
050 1 4 _aHG1515.T373 2022
100 3 _aالطراونة، حسين احمد,
_eauthor
_963047
245 0 0 _aالمؤسسات المالية المتخصصة: محلية-دولية
250 _aالطبعة الاولى
264 3 1 _aعمان: دار امجد للنشر والتوزيع، 2022
300 _a220ص
_bيحتوي على مراجع من ص205-220ص
336 _atext
_btxt
_2rdacontent
337 _aunmediated
_bn
_2rdamedia
338 _avolume
_bnc
_2rdacarrier
650 4 _aالبنوك-المؤسسات المالية-الخدمات المالية-اقتصاديات المال
_963048
999 _aA28578
_c32146
_d32146